Účtování nákladů, výnosů a hospodářského výsledku spojených s provozováním hospodářské činosti rozpočtovými a příspěvkovými organizacemi.
Filozofia účtovania hospodárskej činnosti rozpočtových a príspevkových organizácií a dva možné spôsoby účtovania. Príklad účtovania vytvorenia zásob, účtovania daní a poplatkov, tržieb a postup zistenia hospodárskeho výsledku.
Salvato in:
| Autore principale: | |
|---|---|
| Natura: | Capitolo di libro |
| Lingua: | ceco |
| Soggetti: | |
| Tags: |
Nessun Tag, puoi essere il primo ad aggiungerne!!
|
MARC
| LEADER | 00000naa a2200000 4500 | ||
|---|---|---|---|
| 001 | r012154 | ||
| 005 | 20220826094404.0 | ||
| 041 | 0 | |a cze | |
| 044 | |a CZ | ||
| 245 | 1 | 0 | |a Účtování nákladů, výnosů a hospodářského výsledku spojených s provozováním hospodářské činosti rozpočtovými a příspěvkovými organizacemi. |c Vítězslav Šmíd |
| 520 | |a Filozofia účtovania hospodárskej činnosti rozpočtových a príspevkových organizácií a dva možné spôsoby účtovania. Príklad účtovania vytvorenia zásob, účtovania daní a poplatkov, tržieb a postup zistenia hospodárskeho výsledku. | ||
| 610 | 2 | 0 | |a účtovníctvo |
| 610 | 2 | 0 | |a činnosť hospodárska |
| 610 | 2 | 0 | |a organizácie rozpočtové |
| 610 | 2 | 0 | |a organizácie príspevkové |
| 610 | 2 | 0 | |a účtovníctvo finančné |
| 610 | 2 | 0 | |a evidencia analytická |
| 610 | 2 | 0 | |a náklady |
| 610 | 2 | 0 | |a výnosy podnikové |
| 100 | 1 | |a Šmíd, Vítězslav | |